Социология предпринимательства: учебное пособие для академического бакалавриата

מידע ביבליוגרפי
מחבר ראשי: Рохмистров М. С. Максим Станиславович
מחברים אחרים: Рохмистров С. Н. Станислав Николаевич
סיכום:Серия "Университеты России" позволит высшим учебным заведениям нашей страны использовать в образовательном процессе издания (в том числе учебники и учебные пособия по различным дисциплинам), подготовленные преподавателями лучших университетов России и впервые опубликованные в издательствах университетов. Все представленные в этой серии работы прошли экспертную оценку учебно-методического отдела издательства и публикуются в оригинальной редакции. Пособие написано на основе общесоциологического подхода с привлечением обширного фактологического материала. В нем представлена характеристика новой социологической теории — социологии предпринимательства как теории и практики реализации переходного периода в России.
שפה:רוסית
יצא לאור: Москва, Юрайт, 2019
סדרה:Университеты России
נושאים:
פורמט: ספר
KOHA link:https://koha.lib.tpu.ru/cgi-bin/koha/opac-detail.pl?biblionumber=336496

MARC

LEADER 00000nam0a2200000 4500
001 336496
005 20231102004847.0
010 |a 9785534057218 
035 |a (RuTPU)RU\TPU\book\362925 
090 |a 336496 
100 |a 20171017d2019 m y0rusy50 ca 
101 0 |a rus 
102 |a RU 
105 |a y j 001zy 
200 1 |a Социология предпринимательства  |e учебное пособие для академического бакалавриата  |f М. С. Рохмистров, С. Н. Рохмистров 
210 |a Москва  |c Юрайт  |d 2019 
215 |a 245 с. 
225 1 |a Университеты России 
320 |a Библиогр.: с. 218-223 
330 |a Серия "Университеты России" позволит высшим учебным заведениям нашей страны использовать в образовательном процессе издания (в том числе учебники и учебные пособия по различным дисциплинам), подготовленные преподавателями лучших университетов России и впервые опубликованные в издательствах университетов. Все представленные в этой серии работы прошли экспертную оценку учебно-методического отдела издательства и публикуются в оригинальной редакции. Пособие написано на основе общесоциологического подхода с привлечением обширного фактологического материала. В нем представлена характеристика новой социологической теории — социологии предпринимательства как теории и практики реализации переходного периода в России. 
606 1 |a Экономическая социология  |2 stltpush  |3 (RuTPU)RU\TPU\subj\26587  |9 50480 
606 1 |a Предпринимательство  |x Теория  |2 stltpush  |3 (RuTPU)RU\TPU\subj\36673  |9 57969 
610 1 |a предпринимательская деятельность 
610 1 |a социальная природа 
610 1 |a история 
610 1 |a частная собственность 
610 1 |a бизнес 
610 1 |a конкуренция 
610 1 |a государство 
610 1 |a государственное регулирование 
610 1 |a предпринимательские компетенции 
610 1 |a переходные периоды 
610 1 |a социальные издержки 
610 1 |a социальная культура 
610 1 |a Россия 
610 1 |a учебные пособия 
686 |a С55.42я73  |v LBC/SL-A  |2 rubbk 
686 |a У012.12я73  |v LBC/SL-A  |2 rubbk 
700 1 |a Рохмистров  |b М. С.  |g Максим Станиславович 
701 1 |a Рохмистров  |b С. Н.  |g Станислав Николаевич 
801 1 |a RU  |b 63413507  |c 20171017 
801 2 |a RU  |b 63413507  |c 20190626  |g RCR 
942 |c BK 
959 |a 4/20170125  |d 1  |e 499,00  |f ЧЗТЛ:1